Statystyki dla Pokoloruj choinkę zgadując tradycje

Kliknij tutaj aby rozwiązać quiz!

Ogólne statystyki

  • Ten quiz został rozwiązany 167 razy
  • Średni wynik to 7 z 15

Odpowiedzi na mapie

Odpowiedzi skodowane kolorowo w zielono-czerwonej skali na mapie do tego quizu, zgodnie z poniższymi procentami.
 

Statystyki odpowiedzi

PytanieOdpowiedź% Poprawnych
Jedzenie 12 potraw w przeddzień świąt (Wigilię)Polska
81%
Dekorowanie choinkiNiemcy
79%
Miejsce, w którym wydarzyło się narodzenie Jezusa (państwo)Izrael
62%
Występowanie Boxing Day 26 grudniaWielka Brytania
59%
Święty Mikołaj (Joulupukki) tam żyjeFinlandia
54%
Réveillon (uroczysty obiad 24 grudnia)Francja
52%
Kutia zrobiona z miodu i makuRosja | Ukraina
51%
Wigilia Bożego Narodzenia jest tam bardzo ważna. Jej tradycją jest jedzenie Halászlé, rodzaju zupy rybnejWęgry
43%
Jedzenie Æbleskiver (wyrobów z ciasta przypominających pączki) z dżemem owocowymDania
40%
Jedzenie Pavo Trufado de Navidad (indyka z truflami)Hiszpania
39%
Jedzenie 7 rodzajów ryb i owoców morzaWłochy
36%
Jedzenie Appelbeignets i Kerstkransjes (często służą także do dekoracji choinki)Holandia
31%
Mimo, że święta nie są tam popularne, zjada się truskawkowe ciasta z bitą śmietaną przypominające flagę państwaJaponia
25%
Dekorowanie palm (z powodu wysokiej temperatury) łańcuchami i bombkamiBrazylia
22%
Kūčios, będący ostatnim dniem Adwentu, jest jednocześnie nazwą potrawy wigilijnejLitwa
19%

Rozkład punktacji

Percentyl według liczby udzielonych odpowiedzi

Procent ludzi z każdym wynikiem

Twoja historia wyników

Nie rozwiązałeś tego quizu